<?xml version="1.0" encoding="UTF-8"?>
<record
    xmlns:xsi="http://www.w3.org/2001/XMLSchema-instance"
    xsi:schemaLocation="http://www.loc.gov/MARC21/slim http://www.loc.gov/standards/marcxml/schema/MARC21slim.xsd"
    xmlns="http://www.loc.gov/MARC21/slim">

  <leader>01307nam a22002297a 4500</leader>
  <controlfield tag="005">20120614170415.0</controlfield>
  <controlfield tag="008">081007t        xxu||||| |||| 00| 0 mar d</controlfield>
  <datafield tag="010" ind1=" " ind2=" ">
    <subfield code="a">MAR-22492</subfield>
  </datafield>
  <datafield tag="020" ind1=" " ind2=" ">
    <subfield code="c">125.00</subfield>
  </datafield>
  <datafield tag="035" ind1=" " ind2=" ">
    <subfield code="a">MR-15150</subfield>
  </datafield>
  <datafield tag="037" ind1=" " ind2=" ">
    <subfield code="b">D.B.Act /pub</subfield>
  </datafield>
  <datafield tag="082" ind1=" " ind2=" ">
    <subfield code="a">915.4045</subfield>
  </datafield>
  <datafield tag="100" ind1=" " ind2=" ">
    <subfield code="9">49115</subfield>
    <subfield code="a">&#x92E;&#x94D;&#x939;&#x93E;&#x924;&#x94D;&#x930;&#x947;,&#x930;&#x93E;&#x92E;&#x91A;&#x928;&#x94D;&#x926;&#x94D;&#x930; &#x935;&#x93F;&#x920;&#x94D;&#x920;&#x932; (&#x92C;&#x94B;&#x930;&#x94D;&#x921;&#x940;)</subfield>
  </datafield>
  <datafield tag="245" ind1=" " ind2=" ">
    <subfield code="a">&#x939;&#x93F;&#x92E;&#x917;&#x93F;&#x930;&#x940; &#x926;&#x930;&#x94D;&#x936;&#x928; /</subfield>
    <subfield code="c">&#x930;&#x93E;&#x92E;&#x91A;&#x928;&#x94D;&#x926;&#x94D;&#x930; &#x935;&#x93F;&#x920;&#x94D;&#x920;&#x932; &#x92E;&#x94D;&#x939;&#x93E;&#x924;&#x94D;&#x930;&#x947; (&#x92C;&#x94B;&#x930;&#x94D;&#x921;&#x940;)</subfield>
    <subfield code="h">&#x905;&#x92E;&#x930;&#x928;&#x93E;&#x925;/&#x935;&#x948;&#x937;&#x94D;&#x923;&#x94B;&#x926;&#x93E;&#x935;&#x940;/&#x932;&#x947;&#x939;-&#x932;&#x921;&#x93E;&#x916;</subfield>
  </datafield>
  <datafield tag="246" ind1=" " ind2=" ">
    <subfield code="b">by</subfield>
  </datafield>
  <datafield tag="260" ind1=" " ind2=" ">
    <subfield code="a">&#x92E;&#x941;&#x902;&#x92C;&#x908;</subfield>
    <subfield code="b">&#x928;&#x935;&#x91A;&#x948;&#x924;&#x928;&#x94D;&#x92F; &#x92A;&#x94D;&#x930;&#x915;&#x93E;&#x936;&#x928;</subfield>
    <subfield code="c">2012</subfield>
  </datafield>
  <datafield tag="270" ind1=" " ind2=" ">
    <subfield code="b">&#x92E;&#x941;&#x902;&#x92C;&#x908;</subfield>
    <subfield code="a">&#x928;&#x94D;&#x92F;&#x942; &#x917;&#x902;&#x91C;&#x93E;&#x924; &#x915;&#x94B;.&#x911;.&#x939;&#x94C;.&#x938;&#x94B;.&#x932;&#x93F;.,&#x92C;&#x94D;&#x932;&#x949;&#x915; &#x928;.&#x938;&#x940;-11,&#x924;&#x932;&#x92E;&#x91C;&#x932;&#x93E;,&#x915;&#x94B;&#x938;&#x93E;&#x902;&#x917;&#x94B;&#x928;&#x917;&#x930;,&#x92C;&#x94B;&#x930;&#x93F;&#x935;&#x932;&#x940; &#x92A;.</subfield>
    <subfield code="e">400092.</subfield>
    <subfield code="k">28645212</subfield>
  </datafield>
  <datafield tag="300" ind1="2" ind2=" ">
    <subfield code="a">72&#x92A;&#x943;.</subfield>
    <subfield code="c">22&#x938;&#x947;&#x92E;&#x940;(&#x905;&#x91C;&#x93F;&#x932;&#x94D;&#x926;)</subfield>
  </datafield>
  <datafield tag="711" ind1=" " ind2=" ">
    <subfield code="9">51893</subfield>
  </datafield>
  <datafield tag="942" ind1=" " ind2=" ">
    <subfield code="2">ddc</subfield>
    <subfield code="c">MR</subfield>
    <subfield code="m">&#x92E;&#x94D;&#x939;&#x93E;&#x924;&#x94D;&#x930;&#x947;&#x930;&#x93E;</subfield>
    <subfield code="h">915.4045</subfield>
  </datafield>
  <datafield tag="999" ind1=" " ind2=" ">
    <subfield code="c">69594</subfield>
    <subfield code="d">69594</subfield>
  </datafield>
  <datafield tag="952" ind1=" " ind2=" ">
    <subfield code="0">0</subfield>
    <subfield code="1">0</subfield>
    <subfield code="2">ddc</subfield>
    <subfield code="4">0</subfield>
    <subfield code="7">1</subfield>
    <subfield code="8">NFIC</subfield>
    <subfield code="a">DBAD</subfield>
    <subfield code="b">DBAD</subfield>
    <subfield code="d">2012-08-31</subfield>
    <subfield code="e">DBAB/PUB</subfield>
    <subfield code="g">125.00</subfield>
    <subfield code="l">0</subfield>
    <subfield code="o">915.4045&#x92E;&#x94D;&#x939;&#x93E;&#x924;&#x94D;&#x930;&#x947;&#x930;&#x93E;</subfield>
    <subfield code="p">MR-15150</subfield>
    <subfield code="r">2012-08-31 00:00:00</subfield>
    <subfield code="t">1</subfield>
    <subfield code="v">125.00</subfield>
    <subfield code="y">MR</subfield>
  </datafield>
</record>
